00000000nam##2200000za#4500
0019.516549
003CaOODSP
00520210615083012
007ta
008150406|1993||||xxc|||||     f|0| 0 fre|d
020 |a0-660-58029-2
022 |a0706-148X
040 |aCaOODSP|bfre
041 |aeng
041 |afre
043 |an-cn---
0861 |aS52-2/219-1993
1101 |aCanada.|bSecrétariat d'État du Canada. |bBureau de la traduction.
24510|aVocabulaire combinatoire de la CFAO méchanique / |cpar Claude Lainé.
260 |aOttawa - Ontario : |bSecrétariat d'État du Canada. |c1993.
300 |a145p. : |bréférences ; |c22 cm.
4901 |aBulletin de terminologie|x0706-148X|v219
5203 |aLe Vocabulaire combinatoire de la CFAO mécanique, conception et fabrication assistées par ordinateur en mécanique d'usinage, a été établi dans le cadre du Réseau international de néologie et de terminologie (Rint). Les publications du Rint font connaître la terminologie française dans les domaines technique et scientifique de pointe. Pour cette raison, leur langue de départ est le français, avec l'anglais comme langue d'arrivée. L'objet de ce vocabulaire vise avant tout la combinatoire phraséologique d'un ensemble cohérent de termes français, normalisés pour la plupart, d'usage courant chez les spécialistes du domaine. Il recouvre des notions d'informatique, d'infographie, de conception, de modélisation, de commande numérique, de robotique et de production. Ce vocabulaire s'adresse aux praticiens de la langue (traducteurs, rédacteurs techniques et terminologues) ainsi qu'aux utilisateurs de la CFAO (techniciens, professeurs et étudiants).
546 |aBilingue
563 |aCouverture souple
590 |a93-21|b1993-05-28
69107|aTerminologie|2gcpds
69107|aGénie mécanique|2gcpds
7201 |aLainé, Claude
7760#|tCombinatory vocabulary of CAD-CAM in mechanical engineering / |w(CaOODSP)9.590549
791 |tCombinatory vocabulary of CAD-CAM in mechanical engineering / |eeng|w(CaOODSP)9.516548
830#0|aBulletin de terminologie,|x0706-148X|v219|w(CaOODSP)9.509599